[Event "AUTO-OPEN-2029"]
[Site "http://www.queenalice.com/game.php?id=798717"]
[Date "2010.7.4"]
[Round "1"]
[White "davidliman"]
[Black "jagvg"]
[Result "0-1"]
[WhiteElo "1140"]
[BlackElo "2362"]

1. e4 e5 2. Nf3 d6 3. d4 exd4 4. Nxd4 Nf6 5. Nc3 Be7 6. Be2 O-O 7. O-O Nc6 8. a3
d5 9. Re1 Nxe4 10. Nxe4 dxe4 11. Bc4 Qxd4 12. Bb3 Qxd1 13. Rxd1 Rd8 14. c3 Rxd1+
15. Bxd1 Ne5 16. Be2 Nd3 17. Be3 Nxb2 18. f3 exf3 19. Bxf3 Nc4 20. Bd4 Nxa3 21.
Rd1 Nb5 22. Bc5 Bxc5+ 0-1

[Event "AUTO-OPEN-2029"]
[Site "http://www.queenalice.com/game.php?id=798718"]
[Date "2010.7.4"]
[Round "1"]
[White "jagvg"]
[Black "davidliman"]
[Result "1-0"]
[WhiteElo "2361"]
[BlackElo "1140"]

1. e4 e5 2. Nf3 Nc6 3. Bb5 a6 4. Ba4 Nf6 5. O-O Nxe4 6. d4 Nxd4 7. Nxd4 b5 8.
Bb3 Bb7 9. Nf3 d6 10. Bd5 Bxd5 11. Qxd5 Be7 12. Qc6+ Qd7 13. Qxa8+ Bd8 14. Qxe4
O-O 15. Qb7 Bf6 16. Nc3 Re8 17. Rd1 e4 18. Nxe4 Be5 19. Nxe5 Rxe5 20. Nxd6 h6
21. Be3 Re6 22. Nf5 1-0

[Event "Let's Play Chess!"]
[Site "http://www.queenalice.com/game.php?id=798982"]
[Date "2010.7.5"]
[Round "-"]
[White "krambo1"]
[Black "davidliman"]
[Result "1-0"]
[WhiteElo "1921"]
[BlackElo "1100"]

1. d4 d5 2. c4 e5 3. dxe5 d4 4. a3 Nc6 5. Nf3 Be6 6. e3 Bg4 7. Be2 Nh6 8. exd4
Nf5 9. d5 Na5 10. Qa4+ c6 11. d6 b5 12. cxb5 Rc8 13. Qxg4 cxb5 14. Bxb5+ Nc6 15.
Qxf5 a6 16. Ba4 Qa5+ 17. Nc3 Qd8 18. Nd4 g6 19. Qf3 Bg7 20. Bxc6+ Rxc6 21. Nxc6
Qd7 22. O-O O-O 23. Re1 Rc8 24. Ne7+ Qxe7 25. dxe7 1-0

[Event "Challenge"]
[Site "http://www.queenalice.com/game.php?id=799514"]
[Date "2010.7.6"]
[Round "-"]
[White "davidliman"]
[Black "celinha"]
[Result "1-0"]
[WhiteElo "1100"]
[BlackElo "900"]

1. e4 e5 2. Nf3 Nc6 3. Bb5 Nf6 4. Nc3 a6 5. Ba4 d5 6. d4 dxe4 7. Nxe4 Nxe4 8.
dxe5 Bb4+ 9. c3 Ba5 10. O-O O-O 11. Qe2 b5 12. Bb3 Re8 13. Qxe4 b4 14. Bg5 bxc3
15. Bxd8 Rxd8 16. Qxc6 Rd1 17. Qe8# 1-0

[Event "AUTO-BEG-407"]
[Site "http://www.queenalice.com/game.php?id=800331"]
[Date "2010.7.8"]
[Round "1"]
[White "CABALLONEGRO64"]
[Black "davidliman"]
[Result "1-0"]
[WhiteElo "1302"]
[BlackElo "1274"]

1. e4 e5 2. Nf3 Nc6 3. Bc4 Bc5 4. O-O Nf6 5. d3 O-O 6. Nc3 d6 7. Bg5 h6 8. Bh4
g5 9. Nxg5 Ng4 10. Nf3 Qd7 11. h3 a6 12. hxg4 Qxg4 13. Nd5 Be6 14. Nf6+ 1-0

[Event "AUTO-BEG-407"]
[Site "http://www.queenalice.com/game.php?id=800332"]
[Date "2010.7.8"]
[Round "1"]
[White "davidliman"]
[Black "CABALLONEGRO64"]
[Result "0-1"]
[WhiteElo "1258"]
[BlackElo "1617"]

1. e4 c5 2. d4 cxd4 3. c3 dxc3 4. Nxc3 Nf6 5. Nf3 Nc6 6. Bc4 d6 7. O-O e6 8. Bg5
Be7 9. Nd4 O-O 10. Re1 Qb6 11. Ncb5 a6 12. Nxc6 bxc6 13. Be3 c5 14. e5 axb5 15.
Qb3 Nd5 16. exd6 Bxd6 17. Bd3 Rb8 18. Rad1 h6 19. Bf5 Rd8 20. Bg4 Bb7 21. Bf3
Nxe3 22. Qxe3 Qc7 23. Bxb7 Qxb7 24. Qd3 Bxh2+ 0-1

[Event "AUTO-BEG-407"]
[Site "http://www.queenalice.com/game.php?id=800347"]
[Date "2010.7.8"]
[Round "1"]
[White "Severynnas"]
[Black "davidliman"]
[Result "0-1"]
[WhiteElo "1380"]
[BlackElo "1140"]

1. e4 e5 2. Nf3 Nc6 3. Bb5 a6 4. Bd3 Bb4 5. O-O Nge7 6. c3 Bc5 7. b4 Bb6 8. Bc4
O-O 9. a3 d6 10. g4 Bxg4 11. Be2 Ng6 12. d3 Bh3 13. Re1 Nh4 14. Nxh4 Qxh4 15.
Be3 Bxe3 16. fxe3 Qg5+ 17. Kf2 Qg2# 0-1

[Event "AUTO-BEG-407"]
[Site "http://www.queenalice.com/game.php?id=800348"]
[Date "2010.7.8"]
[Round "1"]
[White "davidliman"]
[Black "Severynnas"]
[Result "1-0"]
[WhiteElo "1204"]
[BlackElo "1380"]

1. e4 Nf6 2. Nc3 e5 3. Bb5 Bb4 4. a3 Nxe4 5. Nxe4 Be7 6. Nf3 O-O 7. O-O a6 8.
Ba4 d5 9. Ng3 d4 10. Nxe5 c6 11. Bb3 g5 12. c3 dxc3 13. bxc3 Bd6 14. Bc2 Bxe5
15. Qh5 Be6 16. Qxh7# 1-0

[Event "AUTO-BEG-407"]
[Site "http://www.queenalice.com/game.php?id=800357"]
[Date "2010.7.8"]
[Round "1"]
[White "celinha"]
[Black "davidliman"]
[Result "0-1"]
[WhiteElo "880"]
[BlackElo "1254"]

1. d4 d5 2. Nf3 Nc6 3. Nc3 Nf6 4. Bg5 e5 5. dxe5 Nxe5 6. Nxe5 Bb4 7. Qd4 c5 8.
Qd3 c4 9. Qd2 h6 10. Bh4 g5 11. O-O-O gxh4 12. e4 Nxe4 13. Qe2 Bxc3 14. bxc3
Qg5+ 15. f4 Qxf4+ 16. Kb1 Nxc3+ 17. Kb2 Nxe2 18. Bxe2 Qxe5+ 19. Kc1 Qxe2 20.
Rhe1 Qxe1 21. Rxe1+ Be6 22. g3 hxg3 23. hxg3 O-O-O 24. g4 Bxg4 25. Rg1 h5 26.
Rd1 h4 27. Rf1 Be6 28. Re1 h3 29. Rf1 h2 30. Rxf7 Bxf7 31. Kb2 h1=Q 32. Kc3 d4+
33. Kb4 d3 34. cxd3 cxd3 35. Kc3 Qc6+ 36. Kd2 Rh2+ 37. Ke3 Qe6+ 38. Kf3 Bh5+ 39.
Kg3 Rg8+ 40. Kxh2 Qh6 41. a3 Be2# 0-1

[Event "AUTO-BEG-407"]
[Site "http://www.queenalice.com/game.php?id=800358"]
[Date "2010.7.8"]
[Round "1"]
[White "davidliman"]
[Black "celinha"]
[Result "1-0"]
[WhiteElo "1252"]
[BlackElo "882"]

1. e4 e5 2. Nf3 Nc6 3. Bb5 a6 4. Bc4 b5 5. Bb3 Nf6 6. Nc3 Bb4 7. Ne2 Nxe4 8. c3
Ba5 9. O-O O-O 10. d4 Re8 11. dxe5 Nxe5 12. Bd5 Bb7 13. Bxb7 Rb8 14. Bxe4 d5 15.
Bxd5 c6 16. Be4 Qd7 17. Bf4 Rbd8 18. Bxe5 f6 19. Bd4 Rxe4 20. b4 Bc7 21. Ng3 Re6
22. Qb3 a5 23. Rad1 a4 24. Qc2 Bd6 25. Nf5 g6 26. Nh6+ Kg7 27. Qc1 c5 28. Bxc5
Bf4 29. Qxf4 Qxd1 30. Qc7+ Re7 31. Qxe7+ Kxh6 32. Be3+ Kh5 33. Qxh7+ Kg4 34.
Qh4+ Kf5 35. g4+ Ke4 36. Nd2+ Qxd2 37. Bxd2 Rxd2 38. Re1+ Kd5 39. Qxf6 g5 40.
Qxg5+ Kc4 41. Qxd2 a3 42. Qd4# 1-0

[Event "Challenge"]
[Site "http://www.queenalice.com/game.php?id=805601"]
[Date "2010.7.19"]
[Round "-"]
[White "davidliman"]
[Black "aquatico"]
[Result "0-1"]
[WhiteElo "1289"]
[BlackElo "1072"]

1. e4 f5 2. Bc4 g6 3. Qf3 e6 4. d4 fxe4 5. Qxe4 d5 6. Bxd5 Qxd5 7. Nc3 Qxe4+ 8.
Nxe4 Bg7 9. Nf3 Nc6 10. c3 Nf6 11. Nfg5 Nxe4 12. Nxe4 e5 13. d5 Ne7 14. O-O Nxd5
15. Bg5 O-O 16. Rad1 Be6 17. a3 Rf5 18. g4 Rf7 19. h3 Raf8 20. Bh4 Nf4 21. Rde1
Bc4 22. Ng5 Rd7 0-1

[Event "Challenge"]
[Site "http://www.queenalice.com/game.php?id=806499"]
[Date "2010.7.21"]
[Round "-"]
[White "davidliman"]
[Black "Ralfostarr"]
[Result "1-0"]
[WhiteElo "1256"]
[BlackElo "1117"]

1. e4 e5 2. Nf3 d5 3. Nc3 d4 4. Nd5 c6 5. Nc3 dxc3 6. bxc3 Bg4 7. Be2 Nf6 8.
Nxe5 Bh5 9. Bxh5 g6 10. Be2 Nxe4 11. Bf3 f5 12. d3 Nxc3 13. Qd2 Bb4 14. a3 Ba5
15. Bb2 Qd4 16. Nc4 b6 17. Nxa5 bxa5 18. Bxc3 Qd6 19. Bxh8 Nd7 20. O-O O-O-O 21.
Bc3 g5 22. Bxa5 g4 23. Be2 h5 24. Qg5 Re8 25. Rab1 Qd5 26. Qd2 h4 27. Qb4 Rxe2
28. Qb7# 1-0

[Event "Challenge"]
[Site "http://www.queenalice.com/game.php?id=821163"]
[Date "2010.8.21"]
[Round "-"]
[White "davidliman"]
[Black "teodoricojose"]
[Result "0-1"]
[WhiteElo "1221"]
[BlackElo "1343"]

1. e4 d6 2. d4 Nf6 3. Nc3 g6 4. Nf3 Bg4 5. Be2 Bxf3 6. Bxf3 Bg7 7. O-O O-O 8. d5
c6 9. Re1 e6 10. Bg5 Qb6 11. e5 dxe5 12. d6 Qxb2 13. Na4 Qd4 14. c3 Qxd1 15.
Raxd1 Rd8 16. Nc5 b6 17. Nb7 Rd7 18. c4 Rxb7 19. Bxc6 Nxc6 20. Bf4 exf4 0-1

[Event "Challenge"]
[Site "http://www.queenalice.com/game.php?id=828760"]
[Date "2010.9.6"]
[Round "-"]
[White "NeeneNY"]
[Black "davidliman"]
[Result "1-0"]
[WhiteElo "1250"]
[BlackElo "1236"]

1. d4 d5 2. Nc3 Nf6 3. Bf4 e6 4. e3 Bb4 5. Bb5+ Bd7 6. a3 Bxc3+ 7. bxc3 Bxb5 8.
Qb1 Qd7 9. Nf3 Ne4 10. a4 Be2 11. Ne5 O-O 12. Nxd7 1-0

[Event "Challenge"]
[Site "http://www.queenalice.com/game.php?id=831253"]
[Date "2010.9.11"]
[Round "-"]
[White "lgraham"]
[Black "davidliman"]
[Result "1-0"]
[WhiteElo "1331"]
[BlackElo "1221"]

1. d4 d5 2. Nf3 c5 3. dxc5 Nc6 4. c3 e5 5. e3 e4 6. Nd4 Bxc5 7. f3 Nf6 8. b4 Bb6
9. Bb5 O-O 10. Bxc6 bxc6 11. Nxc6 1-0